| 000 | 00513nam a2200181 i 4500 | ||
|---|---|---|---|
| 001 | 114246 | ||
| 003 | ES-MaACL | ||
| 005 | 20231226202704.0 | ||
| 007 | t| | ||
| 008 | 061121s1902 sp r ||||1| spa d | ||
| 080 | _a821.134.2-31"19" | ||
| 100 | 1 |
_aPalacio Valdés, Armando, _d1853-1938 _988382 |
|
| 245 | 1 | 3 |
_aLa fé / _cArmando Palacio Valdés. |
| 260 |
_aMadrid : _b[s.n.], _c1902 ( _fHijos de M. G. Hernández) |
||
| 300 |
_aIX, 422 p. ; _c20 cm. |
||
| 852 |
_aES-MaACL _jB-4042 |
||
| 999 |
_c114246 _d114246 |
||